[Event "St Petersburg Spring op"]
[Site "St Petersburg"]
[Date "2011.03.30"]
[Round "8"]
[White "Solovjov, Sergey"]
[Black "Sichinava, Zviad"]
[Result "0-1"]
[WhiteElo "2396"]
[BlackElo "2343"]
[PlyCount "90"]
[EventDate "2011.03.23"]
[EventType "swiss"]
[EventRounds "9"]
[EventCountry "RUS"]
[SourceTitle "CBM 141 Extra"]
[Source "ChessBase"]
[SourceDate "2011.05.03"]
[SourceVersion "1"]
[SourceVersionDate "2011.05.03"]
[SourceQuality "1"]

1. e4 e6 2. d4 d5 3. Nc3 Bb4 4. e5 c5 5. a3 Ba5 6. Qg4 Ne7 7. dxc5 Bxc3+ 8. bxc3 Nf5 9. Bd3 0-0 10. Bg5 Qa5 11. Ne2 Nd7 12. Bf6 Kh8 13. Bxf5 gxf6 14. Bxh7 Nxe5 15. Qh3 Kg7 16. Bd3 Rh8 17. Qg3+ Kf8 18. Qf4 Ke7 19. Qe3 Nd7 20. 0-0 Qxc5 21. Nd4 Qxc3 22. f4 b6 23. Rae1 Bb7 24. Nf5+ Kf8 25. Nd6 Qc6 26. Nxb7 Qxb7 27. c4 Rc8 28. Qd4 dxc4 29. Qd6+ Ke8 30. Bg6 Nc5 31. Rxe6+ Nxe6 32. Re1 Rc7 33. Qxe6+ Re7 34. Qxf7+ Kd8 35. Qxf6 Rg8 36. Be4 Qc7 37. Kh1 Rge8 38. Rd1+ Kc8 39. Qf5+ Kb8 40. Re1 c3 41. Qd5 Rxe4 42. Rxe4 Rxe4 43. Qxe4 c2 44. Qe8+ Kb7 45. Qe4+ Qc6 0-1

[Event "St Petersburg Spring op"]
[Site "St Petersburg"]
[Date "2011.03.29"]
[Round "7"]
[White "Kuzmin, Yuriy"]
[Black "Solovjov, Sergey"]
[Result "0-1"]
[WhiteElo "2193"]
[BlackElo "2396"]
[PlyCount "60"]
[EventDate "2011.03.23"]
[EventType "swiss"]
[EventRounds "9"]
[EventCountry "RUS"]
[SourceTitle "CBM 141 Extra"]
[Source "ChessBase"]
[SourceDate "2011.05.03"]
[SourceVersion "1"]
[SourceVersionDate "2011.05.03"]
[SourceQuality "1"]

1. d4 Nf6 2. c4 g6 3. Nc3 Bg7 4. e4 d6 5. f3 0-0 6. Be3 Nc6 7. Nge2 a6 8. Qd2 Rb8 9. h4 h5 10. Bh6 b5 11. Bxg7 Kxg7 12. Ng3 e5 13. dxe5 dxe5 14. Qxd8 Rxd8 15. cxb5 Nd4 16. 0-0-0 axb5 17. Nxb5 Be6 18. b3 c5 19. Nc7 Bxb3 20. axb3 Rxb3 21. Ne2 Rc8 22. Nd5 Ra8 23. Nxd4 cxd4 24. Kc2 Rab8 25. Bd3 Rb2+ 26. Kc1 Nd7 27. Bc2 Nc5 28. g4 Ra2 29. gxh5 Rbb2 30. Rh2 d3 0-1